Wird geladen...
Indian music and Swati Tirunal /
Contribution of Svātitirunāḷ, 1813-1846, Maharaja of Travancore and exponent of Carnatic music to Indian classical music.
| 1. Verfasser: | |
|---|---|
| Format: | Printed Book |
| Sprache: | English Telugu |
| Veröffentlicht: |
New Delhi :
Sanjay Prakashan,
2006.
|
| Ausgabe: | 1st ed. |
| Schlagworte: |
| LEADER | 00790cam a2200217 a 4500 | ||
|---|---|---|---|
| 020 | |a 8174532447 | ||
| 020 | |a 9788174532442 | ||
| 041 | 0 | |a eng |a tel | |
| 082 | |a 780.954 |b VAS/I | ||
| 100 | 1 | |a Krishna Rao, Vasanthy. | |
| 245 | 1 | 0 | |a Indian music and Swati Tirunal / |c Vasanthy Krishna Rao. |
| 250 | |a 1st ed. | ||
| 260 | |a New Delhi : |b Sanjay Prakashan, |c 2006. | ||
| 300 | |a 53 p. ; | ||
| 520 | |a Contribution of Svātitirunāḷ, 1813-1846, Maharaja of Travancore and exponent of Carnatic music to Indian classical music. | ||
| 650 | 0 | |a Carnatic Music |z India | |
| 650 | 0 | |a Music | |
| 650 | 0 | |a Arts | |
| 942 | |c BK | ||
| 999 | |c 56211 |d 56211 | ||
| 952 | |0 0 |1 0 |4 0 |6 780_954000000000000_VAS_I |7 0 |9 79648 |a SSUS |b SSUS |c STACKS |d 2015-09-04 |g 150.00 |l 3 |o 780.954 VAS/I |p 078251 |r 2018-08-14 |s 2018-07-12 |w 2015-09-04 |y BK | ||